000 00691nam a22002057a 4500
999 _c12091
_d12091
003 AR-CdUCM
008 190405b ||||| |||| 00| 0 spa d
040 _aMUNICIPALIDAD PROVINCIAL DEL CUSCO
_cBIBLIOTECA MUNICIPAL DEL CUSCO
082 _a172.1 /
_bB39 / 1934
100 _aBerl, Emmanuel
_925876
245 _aLa muerte del pensamiento burgués /
260 _aSantiago de Chile :
_bEdit. Ercilla,
_c1934.
300 _a77 páginas ;
_c17 cm.
505 _aContenido: La escuela de la aceptación -- La escuela de la acusación.
650 _aPolíticos
_931
650 _aClase media
_97061
650 _aÉtica profesional
_98138
942 _2ddc
_cLIBROS
945 _adavv
_d05/04/2019